| 000 | 01438cam a22004097a 4500 | ||
|---|---|---|---|
| 003 | CHAP | ||
| 005 | 20220329134119.0 | ||
| 008 | 971013s1973 r 00010 d | ||
| 010 | _a15585 | ||
| 011 | _a16557 | ||
| 035 | _a20637 | ||
| 040 | _cCHAP | ||
| 082 |
_a338.91 _bG78Y |
||
| 100 | 0 | 0 |
_aGrunwald, Joseph. _950863 |
| 245 | 1 | 3 | _aLa integración económica latinoamericana y la política de Estados Unidos |
| 260 |
_aMéxico, D.F. : _bCEMLA, _c1973 |
||
| 300 | _a248 p | ||
| 490 | 0 | _aCEMLA. Estudios | |
| 590 |
_aBATCH-UPD _b10 _c20130110 _lUCH01 _h0236 |
||
| 590 |
_aBATCH-UPD _b10 _c20130110 _lUCH01 _h2044 |
||
| 590 |
_aBATCH-UPD _b10 _c20130409 _lUCH01 _h2301 |
||
| 590 |
_aBATCH-UPD _b10 _c20130410 _lUCH01 _h1358 |
||
| 590 |
_aBATCH-UPD _b10 _c20130914 _lUCH01 _h0322 |
||
| 590 |
_aBATCH-UPD _b10 _c20130914 _lUCH01 _h1931 |
||
| 590 |
_aCONVERSION _b10 _c20130109 _lUCH01 _h1310 |
||
| 650 | 1 | 4 |
_aAmerica Latina _xCondiciones economicas. _95390 |
| 650 | 1 | 4 |
_aAmérica Latina _xIntegración económica. _95403 |
| 650 | 1 | 4 |
_aAmerica Latina _xRelaciones exteriores _xE.U.A. _95407 |
| 650 | 1 | 4 |
_aE.U.A. _xRelaciones exteriores _xAmérica Latina. _934847 |
| 650 | 1 | 4 |
_aPolítica económica _xE.U.A. _990503 |
| 700 | 0 |
_aCarnoy, Martín. _919249 |
|
| 700 | 0 |
_aWionczek, Miguel S. _9122320 |
|
| 830 | 0 |
_aCEMLA. Estudios _920941 |
|
| 901 | _aBK | ||
| 942 | _cLIBRO | ||
| 949 |
_a338.91 G78Y _bBC _cLIBRO _d33724000109997 _eLIBRO _h40405 _i20637 _mD _si |
||
| 999 |
_c15585 _d15585 |
||